| 000 | 00485nam a2200181Ia 4500 | ||
|---|---|---|---|
| 001 | 3199 | ||
| 005 | 20260306144903.0 | ||
| 008 | 260306t1992||||xx |||||||||||||| ||spa|| | ||
| 041 | _aESP | ||
| 082 |
_a261.83 _bG15 |
||
| 100 |
_aGalli, Carlos (Comp.) _eAUT |
||
| 245 | 0 |
_aAmérica Latina y la doctrina social de la iglesia: _bidentidad cultural y modernización |
|
| 260 | _c1992 | ||
| 300 |
_a392 páginas : _c21 cm. |
||
| 650 | _aGEN | ||
| 654 | _aCHU | ||
| 942 |
_cLIB _dJUS _fJUS _2ddc _n |
||
| 999 |
_c3199 _d3199 |
||